| 000 | 00446 a2200145 4500 | ||
|---|---|---|---|
| 041 | _aEnglish | ||
| 082 | _aCD8057 | ||
| 100 | _aSubedi, Bimal Kumar | ||
| 245 | _aLiterary and philosophic dimensions of Greele tragedy and its comparison with indic tradition | ||
| 260 |
_aKathmandu _c2011 |
||
| 502 |
_aDissertation _bDegree in English _cT.U. |
||
| 650 |
_aLiterary criticism _aLiterary history |
||
| 653 | _aEnglish literature | ||
| 942 |
_2ddc _cVM |
||
| 999 |
_c65538 _d65524 |
||